000 02458nam a2200349 a 4500
001 000006773
003 DO-SdBPM
005 20260428131012.0
007 ta
008 090902s1994 dr 000 0 spa d
020 _a8489536912X
040 _aDO-SdBPM
_bspa
_cBPMSU
_drda
082 0 4 _a801.95
_bC749p 1994
_222
111 2 _aCongreso Crítico de Literatura Dominicana
_n(1:
_d23 - 25 de julio de 1993 :
_cSanto Domingo)
245 1 0 _aPonencias del Congreso Crítico de Literatura Dominicana /
_ceditores Diógenes Céspedes, Soledad Álvarez, Pedro Vergés.
264 _aSanto Domingo :
_bEditora de colores,
_c1994.
300 _a290 páginas ;
_c24 cm.
336 _atexto
_btxt
_2rdacontent
337 _asin mediación
_bn
_2rdamedia
338 _avolumen
_bnc
_2rdacarrier
504 _aIncluye referencias bibliográficas y notas al pie de las páginas
505 0 _aDiscurso inagural de /Marcio Veloz Maggiolo -- Biblioestadística de la literatura dominicana 1820-1990 -- Ideologías y vanguardias en la literatura dominicana 1900-1930 -- Ecos del arielismo en varios textos literarios -- Las vanguardias y la identidad cultural en la literatura dominicana--La función social del escritor por la fundación social de la obra -- Poesía y pintura dominicana dominicana. Una relación que todavía pertenece -- La literatura y los parámetros de "lo universal" -- El romancero en Santo Domingo -- Vidas marginadas... causas marginales -- Caraterísticas ideológicas del discurso de izquierdas en nuestra literatura -- La literatura para niños y jóvenes en la República Dominicana -- Percepción de la mujer en la narrativa dominicana -- La novela trujillista -- El escritor y su lengua: límites y posivilidades -- La enseñanza de la literatura en la escuela secundaria y universidad : ¿valor o ideología? -- Haciendo teatro -- Los escritores dominicanos o cómo nadar entre tiburones: un manual -- Mesa redonda en torno a la situación del escritor dominicano -- Palabras de clausura en el Congreso Crítico de Literatura Dominicana.
590 _aInventariado, 2026/ VM
650 7 _aLiteratura dominicana
_xHistoria y crítica
650 4 _aMovimientos literarios
650 7 _aAutores dominicanos
_ySiglo XX
700 1 _aÁlvarez, Soledad
_d1950-
_eeditor
700 1 _aVerges, Pedro,
_d1945-
_eeditor
700 1 2 _aCéspedes, Diógenes,
_d1941-
_eeditor
910 _aVMateo V. Control de calidad BPMSU
942 _2ddc
_cBK
999 _c15804
_d15804